书目信息 |
| 题名: |
生产管理
|
|
| 作者: | 加藤治彦 著 ;党蓓蓓 译 | |
| 分册: | ||
| 出版信息: | 北京 东方出版社 2021 |
|
| 页数: | 246页 | |
| 开本: | 21cm | |
| 丛书名: | 精益制造 | |
| 单 册: | ||
| 中图分类: | F431.364 | |
| 科图分类: | ||
| 主题词: | ||
| 电子资源: | ||
| ISBN: | 978-7-5207-2106-6 | |
| 000 | 01860oam2 2200301 450 | |
| 001 | 2153167438 | |
| 005 | 20211018173724.0 | |
| 010 | @a978-7-5207-2106-6@dCNY58.00 | |
| 100 | @a20210524d2021 em y0chiy0120 ea | |
| 101 | 1 | @achi@cjpn |
| 102 | @aCN@b110000 | |
| 105 | @aa z 000yy | |
| 106 | @ar | |
| 200 | 1 | @a生产管理@Asheng chan guan li@e修订版@f(日)加藤治彦著@g党蓓蓓译 |
| 210 | @a北京@c东方出版社@d2021 | |
| 215 | @a246页@c图@d21cm | |
| 225 | 2 | @a精益制造@Ajing yi zhi zao@v4 |
| 300 | @a“十三五”国家重点出版物出版规划项目 | |
| 312 | @a封面题日文并列题名 | |
| 314 | @a加藤治彦,1953年出生于东京。1978年庆应义塾大学管理工学科硕士毕业。同年,就职于日产汽车公司。曾在追滨工厂、村山工厂及日产总公司从事生产管理业务。1989年成为独立的企业顾问。现在,在众多企业内部,从事以生产现场改善、生产管理系统及间接业务效率化为主题的一系列指导活动。 | |
| 330 | @a《精益制造004:生产管理》从十一个方面阐述生产管理的重要意义,因为对于一个企业来说,不是光有技术领先就能处于不败之地,先进的管理技能更加重要,就像加藤治彦在书中说的:对待日本的制造业我们应该从两方面看待,既可以说其比较强大,但另一方面还有很多问题需要深入解决,解决这个问题或许能成为日本复兴的一个巨大契机,而对于我们是不是应该主动抓住这个机会呢?本书首先讲解了为什么生产管理如此重要,具体讲到建立新的生产管理模式、制造业面临的困境、改善现场的局限、企业综合实力提高的关键等。只有明白生产管理的重要性,人们才会重视生产管理。其次讲到对生产管理的期待。主要包括生产管理所要求的职能、管理的范围、扩展生产管理业务、从处于守势的生产管理转变为主攻型生产管理等。做任何事都要有一个期待的目标,有了目标才有动力。 | |
| 461 | 0 | @12001 @a精益制造 |
| 601 | 02 | @a丰田汽车公司@Afeng tian qi che gong si@x工业企业管理@x生产管理 |
| 690 | @aF431.364@v5 | |
| 701 | 0 | @c(日)@a加藤治彦@Ajia teng zhi yan@f(1953-)@4著 |
| 702 | 0 | @a党蓓蓓@Adang bei bei@4译 |
| 801 | 0 | @aCN@b百万庄@c20211018 |
| 905 | @b1311744-47@dF431.364@e86@f4 | |
| 生产管理:修订版/(日)加藤治彦著/党蓓蓓译.-北京:东方出版社,2021 |
| 246页:图;21cm.-(精益制造;4) |
| “十三五”国家重点出版物出版规划项目 |
| ISBN 978-7-5207-2106-6:CNY58.00 |
| 《精益制造004:生产管理》从十一个方面阐述生产管理的重要意义,因为对于一个企业来说,不是光有技术领先就能处于不败之地,先进的管理技能更加重要,就像加藤治彦在书中说的:对待日本的制造业我们应该从两方面看待,既可以说其比较强大,但另一方面还有很多问题需要深入解决,解决这个问题或许能成为日本复兴的一个巨大契机,而对于我们是不是应该主动抓住这个机会呢?本书首先讲解了为什么生产管理如此重要,具体讲到建立新的生产管理模式、制造业面临的困境、改善现场的局限、企业综合实力提高的关键等。只有明白生产管理的重要性,人们才会重视生产管理。其次讲到对生产管理的期待。主要包括生产管理所要求的职能、管理的范围、扩展生产管理业务、从处于守势的生产管理转变为主攻型生产管理等。做任何事都要有一个期待的目标,有了目标才有动力。 |
| ● |
| 相关链接 |
|
|
|
|
正题名:生产管理
索取号:F431.364/86
 
预约/预借
| 序号 | 登录号 | 条形码 | 馆藏地/架位号 | 状态 | 备注 |
| 1 | 1311744 | 213117447 | 第一样本阅览室/ [索取号:F431.364/86] | 在馆 | |
| 2 | 1311745 | 213117456 | 第一借阅区/ [索取号:F431.364/86] | 在馆 | |
| 3 | 1311746 | 213117465 | 第一借阅区/ [索取号:F431.364/86] | 在馆 | |
| 4 | 1311747 | 213117474 | 第一借阅区/ [索取号:F431.364/86] | 在馆 |